| 000 | 00948cam a22002415a 4500 | ||
|---|---|---|---|
| 001 | L138743 | ||
| 008 | 070709s2007 xxkd f s 000 0 eng d | ||
| 020 | _a9781904829638 | ||
| 035 | _a(Sirsi) u138743 | ||
| 041 | 0 | _aeng | |
| 050 | 0 | 4 | _a690.24 $2 18 |
| 110 | 2 |
_aBuilding Maintenance Information _93229 |
|
| 245 | 0 | 0 | _aReview of maintenance costs 2007 |
| 260 |
_aLondon _bBCIS _c2007 |
||
| 300 |
_a82p. _c30cm. |
||
| 490 | 0 |
_aBMI Special Report _v361 |
|
| 520 | _aContains estimates of the annual average maintenance costs for a range of building types including: industrial; administration; retail; emergency services; health service; homes (welfare); recreational; religious; educational, scientific, and information; and residential. | ||
| 590 | _aKA | ||
| 651 | 4 |
_aUnited Kingdom _y |
|
| 690 | _aBUILT ENVIRONMENT-BUILDING MAINTENANCE AND REFURBISHMENT-MAINTENANCE COSTS | ||
| 690 | _aBUILT ENVIRONMENT-BUILDING COSTS | ||
| 942 | _n0 | ||
| 999 |
_c107244 _d107244 |
||